Fundamentals of classical thermodynamics (Record no. 14470)

000 -LEADER
fixed length control field 00490nam a22001937a 4500
001 - CONTROL NUMBER
control field 14470
003 - CONTROL NUMBER IDENTIFIER
control field BD-DhUET
008 - FIXED-LENGTH DATA ELEMENTS--GENERAL INFORMATION
fixed length control field 150308b xxu||||| |||| 00| 0 eng d
040 ## - CATALOGING SOURCE
Transcribing agency 0
Modifying agency BD-DhUET
082 ## - DEWEY DECIMAL CLASSIFICATION NUMBER
Classification number 536.7
Item number VAN/1985
100 ## - MAIN ENTRY--PERSONAL NAME
Personal name Van Wylen, Gordon J.
245 ## - TITLE STATEMENT
Title Fundamentals of classical thermodynamics
250 ## - EDITION STATEMENT
Edition statement 3rd ed.
260 ## - PUBLICATION, DISTRIBUTION, ETC. (IMPRINT)
Place of publication, distribution, etc. New York
Name of publisher, distributor, etc. John Wiley & Sons
Date of publication, distribution, etc. 1985
300 ## - PHYSICAL DESCRIPTION
Extent xiv, 722 p.
650 #0 - SUBJECT ADDED ENTRY--TOPICAL TERM
Topical term or geographic name as entry element Thermodynamics
700 ## - ADDED ENTRY--PERSONAL NAME
Personal name Sonntag, Richard E.
942 ## - ADDED ENTRY ELEMENTS (KOHA)
Koha item type General Book
Holdings
Date acquired Not for loan Damaged status Shelving location Lost status Price effective from Source of classification or shelving scheme Koha normalized classification for sorting Location (home branch) Copy number Koha date last borrowed Withdrawn status Piece designation (barcode) Koha item type Koha issues (times borrowed) Koha full call number Koha date last seen Sublocation or collection (holding branch)
2015-03-08  Circulation section 2015-03-08 536_700000000000000_VAN_1985Central Library, BUET12025-05-26 68588General Book2536.7/VAN/19852025-06-23Central Library, BUET
2015-03-10  Circulation section 2015-03-10 536_700000000000000_VAN_1985Central Library, BUET22023-04-30 68590General Book4536.7/VAN/19852023-05-08Central Library, BUET
2015-03-10  Circulation section 2015-03-10 536_700000000000000_VAN_1985Central Library, BUET32023-12-02 68592General Book2536.7/VAN/19852023-12-11Central Library, BUET
2015-03-16  Circulation section 2015-03-16 536_700000000000000_VAN_1985Central Library, BUET42023-12-02 68589General Book2536.7/VAN/19852024-02-18Central Library, BUET